Culture générale ! Une image... Un des... (2) - Statistiques

Statistiques générales
  • Ce quiz a été pris 157 fois
  • Le résultat moyen est 9 sur 20
Statistiques - réponses
Par images Hint Réponse % Correct
disciplines olympiques Escrime
99%
types de véhicule camping-car
83%
Figures géométriques Octogone
83%
marques allemandes d'automobile AUDI
81%
présidents de la République né à l'étranger Valéry Giscard d'Estaing
80%
sept nains Simplet
77%
princesses Disney Ariel
72%
fruits à noyau Litchi
68%
films d'Alfred Hitchcock Les Oiseaux
62%
pays d'océanie Tuvalu
42%
réalisateurs de la Nouvelle vague Jean-Luc Godard
28%
instruments à cordes Mandoline
27%
départements contenant le mot "Loire" Saône-et-Loire
23%
ballons d'or français Raymond Kopa
22%
cathédrales françaises (ville) Chartres
20%
champignons mortels Amanite phalloïde
16%
races bovines Charolais
14%
Sous-préfectures du Pas-de-Calais Béthune
7%
souverains décapités Charles 1er
2%
légumineuses pois chiches
2%
Aucun quiz correspondant
Distribution des résultats
% des personnes avec chaque résultat
Percentile par nombre de réponses
Votre historique - résultats
Vous n’avez pas pris ce quiz